| 000 | 00410nam a2200133Ia 4500 | ||
|---|---|---|---|
| 008 | 250506s9999 xx 000 0 und d | ||
| 024 | _a95A-040-CS & 95A-027-CS | ||
| 082 | _a005.269072 HUD | ||
| 100 | _aKashful Huda & Mazher Ali Zahak | ||
| 245 | 0 | _aWWW Information search engine (WISE) | |
| 260 |
_aKarachi: _bUIT, _c1995 |
||
| 600 | _aComputer System Engineering | ||
| 650 | _aBachelor of Engineering (BE) | ||
| 999 |
_c27686 _d27686 |
||